000 00393nam a2200157Ia 4500
008 230711s9999||||xx |||||||||||||| ||und||
041 _aENG
082 _a4
_bFO-T
100 _aForouzan,Behrouz A
245 0 _aTCP/IP protocol suite
250 _a3rd . Ed.
260 _c2006
_aNew Delhi
_bTata McGraw Hill Education Limited
300 _a861
650 _aComputer Engineering
942 _cBK
999 _c4533
_d4533